000 01014nam a2200265Ia 4500
003 OSt
005 20221005111032.0
006 a|||||r|||| 00| 0
007 ta
008 221004b |||||||| |||| 00| 0 hin d
020 _a9788171197231 (hbk)
_c450
024 _a19950
037 _bBR8404, 21/03/2015, Rajkamal Prakashan Pvt. Ltd.
_cTextual
040 _aCRL
_cCRL
_bhin
041 _2hin
_ahin
082 _aO152,1F70,11:g(P), J6;Q4
100 _aनामवर सिंह
245 0 _aपृथ्वीराज रासो
_b भाषा और साहित्य
246 _aPṛuthvīrāj rāso: bhāṣhā aur sāhitya
260 _aनई दिल्ली
_bराधाकृष्ण भारत
_c2014
300 _a271पृ0
_ccm.
650 _aहिन्दी साहित्य
942 _hO152,1F70,11:g(P), J6;Q4
_cTEXL
_2cc
999 _c1020610
_d1020610